[Event "Leipzig VfB op 20th"]
[Site "Leipzig"]
[Date "2013.03.09"]
[Round "7"]
[White "Bauer, David"]
[Black "Caprita, Tiberiu"]
[Result "1/2-1/2"]
[WhiteElo "1818"]
[BlackElo "1757"]
[PlyCount "35"]
[EventDate "2013.03.05"]
[EventType "swiss"]
[EventRounds "9"]
[EventCountry "GER"]
[SourceTitle "EXT 2014"]
[Source "ChessBase"]
[SourceDate "2013.11.20"]
[SourceVersion "1"]
[SourceVersionDate "2013.11.20"]
[SourceQuality "1"]

1. d4 Nf6 2. c4 e5 3. dxe5 Ng4 4. Nf3 Nc6 5. a3 Ngxe5 6. Nbd2 d6 7. e3 Be6 8. Be2 Be7 9. 0-0 0-0 10. Rb1 d5 11. cxd5 Bxd5 12. b3 Bf6 13. Qc2 Re8 14. Rd1 Qe7 15. Bb2 Rad8 16. Nd4 Nxd4 17. exd4 Nc6 18. Bb5 1/2-1/2

[Event "Leipzig VfB op 20th"]
[Site "Leipzig"]
[Date "2013.03.06"]
[Round "2"]
[White "Bauer, David"]
[Black "Jahn, Jens"]
[Result "1-0"]
[WhiteElo "1818"]
[BlackElo "1592"]
[PlyCount "71"]
[EventDate "2013.03.05"]
[EventType "swiss"]
[EventRounds "9"]
[EventCountry "GER"]
[SourceTitle "EXT 2014"]
[Source "ChessBase"]
[SourceDate "2013.11.20"]
[SourceVersion "1"]
[SourceVersionDate "2013.11.20"]
[SourceQuality "1"]

1. d4 d5 2. c4 c6 3. Nc3 Nf6 4. Nf3 e6 5. Bg5 Nbd7 6. e3 Qa5 7. Nd2 dxc4 8. Bxf6 Nxf6 9. Nxc4 Qc7 10. Rc1 Be7 11. g3 0-0 12. Bg2 b6 13. Ne5 Nd5 14. Nxd5 exd5 15. Bxd5 Qd6 16. Nxc6 Bb7 17. Nxe7+ Qxe7 18. Bxb7 Qxb7 19. 0-0 Rac8 20. Qd2 Rfd8 21. Rc3 Rxc3 22. Qxc3 Rc8 23. Qd3 Rc6 24. d5 Rd6 25. e4 h5 26. Rc1 Qd7 27. Qc4 Kh7 28. Qc7 f6 29. Qxd7 Rxd7 30. f3 g5 31. Rc6 Kg7 32. Kf2 g4 33. f4 f5 34. Ke3 fxe4 35. Kxe4 Re7+ 36. Re6 1-0

[Event "Niederbayernliga 1011"]
[Site "Germany"]
[Date "2011.02.27"]
[Round "7.8"]
[White "Bauer, David"]
[Black "Kutschera, Gottlieb"]
[Result "1/2-1/2"]
[WhiteElo "1531"]
[BlackElo "1673"]
[PlyCount "28"]
[EventDate "2010.10.10"]
[EventType "team-tourn"]
[EventRounds "9"]
[EventCountry "GER"]
[SourceTitle "EXT 2012"]
[Source "ChessBase"]
[SourceDate "2011.11.24"]
[SourceVersion "1"]
[SourceVersionDate "2011.11.24"]
[SourceQuality "1"]
[WhiteTeam "Schaibing"]
[BlackTeam "Adlkofen"]
[WhiteTeamCountry "GER"]
[BlackTeamCountry "GER"]

1. e4 c5 2. Nc3 Nc6 3. Bc4 e6 4. f4 Nge7 5. e5 d5 6. exd6 Qxd6 7. d3 Nd5 8. Ne4 Qc7 9. Ne2 Nb6 10. Bb3 Na5 11. 0-0 Nxb3 12. axb3 Bd6 13. N2c3 Bd7 14. Be3 Nd5 1/2-1/2

[Event "Niederbayernliga 1011"]
[Site "Germany"]
[Date "2011.01.16"]
[Round "5.8"]
[White "Bauer, David"]
[Black "Hedzic, Omer"]
[Result "1-0"]
[WhiteElo "1531"]
[BlackElo "1298"]
[PlyCount "73"]
[EventDate "2010.10.10"]
[EventType "team-tourn"]
[EventRounds "9"]
[EventCountry "GER"]
[SourceTitle "EXT 2012"]
[Source "ChessBase"]
[SourceDate "2011.11.24"]
[SourceVersion "1"]
[SourceVersionDate "2011.11.24"]
[SourceQuality "1"]
[WhiteTeam "Schaibing"]
[BlackTeam "Bayerwald"]
[WhiteTeamCountry "GER"]
[BlackTeamCountry "GER"]

1. e4 e5 2. Nf3 Nc6 3. Bc4 Bc5 4. c3 h6 5. d4 exd4 6. cxd4 Be7 7. Qb3 Bf6 8. Bxf7+ Kf8 9. Bg6 Qe7 10. d5 Qb4+ 11. Qxb4+ Nxb4 12. e5 Ne7 13. Be4 Bg5 14. Nxg5 hxg5 15. Nc3 Rh4 16. Bxg5 Rxe4+ 17. Nxe4 Nc2+ 18. Kd2 Nxa1 19. Bxe7+ Kxe7 20. Rxa1 b6 21. d6+ cxd6 22. Nxd6 Ba6 23. b4 Rf8 24. Ke3 Ke6 25. f4 g5 26. g3 Rh8 27. b5 gxf4+ 28. gxf4 Kd5 29. Rd1+ Kc5 30. bxa6 Rxh2 31. Ne4+ Kc6 32. Rd6+ Kb5 33. Rxd7 Kxa6 34. e6 Rxa2 35. e7 Ra3+ 36. Rd3 Rxd3+ 37. Kxd3 1-0